| 000 | 00997cab a2200277 4500 | ||
|---|---|---|---|
| 001 | ABS58969 | ||
| 008 | 090401t1998 xxu||||| |||| 00| 0 eng d | ||
| 035 | _a(Sirsi) u87069 | ||
| 041 | _aeng | ||
| 100 | _aLepkowski, J. | ||
| 245 | _aRoad centreline mapping for geographical information systems | ||
| 260 | _c1998 | ||
| 350 | _a0 | ||
| 490 |
_aHighways & Transportation _v45(06) June 1998, 19-20(2) |
||
| 520 | _aDiscusses the Ordnance Survey`s road centreline map data, OSCAR, and how mapping can be used in managing street infrastructure, routeing and scheduling for long-distance logistics and delivery and, in-car navigation. | ||
| 650 | _aDIGITAL MAPPING | ||
| 650 | _aDIGITAL ROAD CENTRELINE MAP | ||
| 650 | _aIN-CAR NAVIGATION | ||
| 650 | _aORDNANCE SURVEY | ||
| 650 | _aOSCAR | ||
| 650 | _aPROPERTY-INFRASTRUCTURE-TRANSPORT INFRASTRUCTURE-ROAD INFRASTRUCTURE | ||
| 690 | _aTRANSPORT AND COMMUNICATION | ||
| 700 | _aRobertson, G. | ||
| 942 | _n0 | ||
| 948 | _c29/06/1998 | ||
| 999 |
_c54865 _d54865 |
||